MARC details
| 000 -LEADER |
| campo de control de longitud fija |
02573nam a2200385 i 4500 |
| 001 - NÚMERO DE CONTROL |
| campo de control |
194048 |
| 003 - IDENTIFICADOR DE NÚMERO DE CONTROL |
| campo de control |
SpMaBN |
| 005 - FECHA Y HORA DE LA ÚLTIMA TRANSACCIÓN |
| campo de control |
20250719063328.0 |
| 007 - CAMPO FIJO DE DESCRIPCIÓN FÍSICA--INFORMACIÓN GENERAL |
| campo de control de longitud fija |
ta |
| 008 - DATOS DE LONGITUD FIJA--INFORMACIÓN GENERAL |
| campo de control de longitud fija |
240222s2023 sp | |||| 000 f spa |
| 017 ## - NÚMERO DE COPYRIGHT O DE DEPÓSITO LEGAL |
| Número de copyright o de depósito legal |
AS 00087-2023 |
| Agencia que asigna |
Oficina Depósito Legal Asturias |
| 020 ## - NÚMERO INTERNACIONAL ESTÁNDAR DEL LIBRO |
| Número Internacional Estándar del Libro |
9788419343604 |
| Información calificativa |
edición impresa |
| 020 ## - NÚMERO INTERNACIONAL ESTÁNDAR DEL LIBRO |
| ISBN cancelado o inválido |
978-84-19343-61-1 |
| Información calificativa |
edición digital |
| 040 ## - FUENTE DE CATALOGACIÓN |
| Centro catalogador/agencia de origen |
SpMaBN |
| Lengua de catalogación |
spa |
| Centro/agencia transcriptor |
SpMaBN |
| Normas de descripción |
rda |
| Centro/agencia modificador |
ES-MaACL |
| 080 ## - NÚMERO DE LA CLASIFICACIÓN DECIMAL UNIVERSAL |
| Número de la Clasificación Decimal Universal |
821.134.2-31"19" |
| 100 1# - ENTRADA PRINCIPAL--NOMBRE DE PERSONA |
| Nombre de persona |
Otaola, Javier, |
| Fechas asociadas al nombre |
1956- |
| 9 (RLIN) |
235665 |
| Término indicativo de función/relación |
Autor |
| 245 13 - MENCIÓN DEL TÍTULO |
| Título |
La comisaria Olaizola y el caso del perro blanco |
| Resto del título |
Muerte en Armentia / |
| Mención de responsabilidad, etc. |
Javier Otaola |
| Medio |
[Texto impreso] |
| 250 ## - MENCION DE EDICION |
| Mención de edición |
1ª edición: julio, 2023 |
| 264 #1 - PRODUCCIÓN, PUBLICACIÓN, DISTRIBUCIÓN, FABRICACIÓN Y COPYRIGHT |
| Producción, publicación, distribución, fabricación y copyright |
Oviedo-Asturias (España) : |
| Nombre del de productor, editor, distribuidor, fabricante |
Editorial Sapere Aude, |
| Fecha de producción, publicación, distribución, fabricación o copyright |
[2023] |
| 264 #4 - PRODUCCIÓN, PUBLICACIÓN, DISTRIBUCIÓN, FABRICACIÓN Y COPYRIGHT |
| Fecha de producción, publicación, distribución, fabricación o copyright |
©2023 |
| 300 ## - DESCRIPCIÓN FÍSICA |
| Extensión |
274 páginas ; |
| Dimensiones |
23 cm |
| 336 ## - TIPO DE CONTENIDO |
| Término de tipo de contenido |
Texto |
| Fuente |
rdacontent |
| 337 ## - TIPO DE MEDIO |
| Nombre/término del tipo de medio |
sin mediación |
| Fuente |
rdamedia |
| 338 ## - TIPO DE SOPORTE |
| Nombre/término del tipo de soporte |
volumen |
| Fuente |
rdacarrier |
| 490 1# - MENCIÓN DE SERIE |
| Mención de serie |
Novelería |
| 520 ## - RESUMEN, ETC. |
| Sumario, etc. |
La comisaria Zorione Olaizola -Felicidad para sus íntimos- se desplaza desde Bilbao a Vitoria para impartir unos cursos intensivos sobre policía científica en la academia de la Ertzaintza en Arkaute. Felicidad los ha preparado a conciencia y está deseosa de transmitir lo que ha aprendido en la resolución de algunos de los casos más conocidos del Grupo Central de Investigación de la Ertzaintza: identificación de fuentes de registro, análisis y determinación de falsificaciones, documentoscopia, vídeo, estudios de registros sensoriales, acústicas no vocales (sonidos, ruidos de fondo, etc.)., acústica de disparos, determinación de tipos de armas, ambiente y rastros de la escena del crimen, huellas, olores... pero, la violenta muerte de Rafael Barranco, ex-legionario, ex-policía municipal y en el momento de su muerte empresario de éxito, con lucrativos negocios, más o menos legales, y además líder de una peculiar 'capilla satánica' que se reúne secretamente en una pequeña calle de la Ciudad Medieval. |
| 655 #0 - TERMINO DE INDIZACIÓN--GENERO/FORMA |
| Datos o término principal de género/forma |
Novelas policíacas |
| 9 (RLIN) |
233840 |
| 852 ## - LOCALIZACIÓN |
| Ubicación |
ES-MaACL |
| Sublocalización o colección |
R.155072 |
| Ubicación en estantería |
Depósito J |
| Número de control de estantería |
N-9837 |
| Encuadernación |
Encuadernación rústica con solapas |
| Donativo/Legado |
Donación: Javier Otaola |
| itemnumber |
202172 |
| Anotaciones manuscritas |
Dedicatoria autógrafa del autor |
| 903 ## - NOMBRE PERSONAL DE DONANTE |
| 9 |
235665 |
| a |
Otaola, Javier, |
| d |
1956- |
| e |
Donante |
| 942 ## - ELEMENTOS DE ENTRADA SECUNDARIOS (KOHA) |
| Tipo de ítem Koha |
Libro impreso |
| Suprimir en OPAC |
No |